[Event "10th LCC FIDE Open 2018"]
[Site "London"]
[Date "2018.12.12"]
[Round "4"]
[White "Melkumyan, Hrant"]
[Black "Flear, Glenn C"]
[Result "1/2-1/2"]
[WhiteElo "2670"]
[BlackElo "2451"]
[Annotator "TA"]
[PlyCount "111"]
[EventDate "2018.12.09"]
[EventType "swiss"]
[EventCountry "ENG"]
[SourceTitle "playchess.com"]
[Source "ChessBase"]
[SourceQuality "1"]

{[%evp 24,111,18,17,71,0,38,17,33,35,35,19,22,0,44,0,27,-43,-32,-65,66,-20,58,0,18,20,6,0,89,107,138,0,0,0,0,-52,-60,-50,-58,-47,-20,-66,-62,-64,-64,-67,-66,-124,-133,-114,-109,-115,-25,-82,0,0,0,0,0,-73,-82,-75,-78,-197,-185,-174,-125,-114,-122,-115,-122,-127,-118,-118,-120,-127,-127,-119,-128,-153,-72,-114,-115,-159,0,-118,0,-155,0,-1830]} 1. e4 e5 2. Nf3 Nc6 3. Bb5 a6 4. Ba4 Nf6 5. O-O Be7 6. d3 b5 7. Bb3 d6 8. a4 Bd7 9. c3 O-O 10. Bc2 Re8 11. Re1 h6 12. Nbd2 Bf8 13. h3 {LiveBook: 8 Games. C90: Closed Ruy Lopez with 7...d6: Early deviations} g6 (13... Qc8 $11) (13... Ne7 14. d4 Ng6 15. Nf1 c5 16. Ng3 Qc7 17. Be3 Qb7 18. d5 Reb8 19. Qd2 Be7 20. b3 Qc8 {½-½ (42) Svidler,P (2765)-Tomashevsky,E (2713) St Petersburg 2017}) 14. d4 $146 (14. b4 $16) ({Predecessor:} 14. Nf1 Bg7 15. N3h2 Be6 16. Qf3 b4 17. a5 b3 18. Bd1 Rb8 19. Nd2 {½-½ (19) Saltaev,M (2475)-Lingnau,C (2395) Dortmund 2000}) 14... Bg7 15. Nf1 {White is slightly better.} exd4 16. cxd4 Nb4 17. Bb1 bxa4 18. Ng3 Rb8 19. Ra3 {[%mdl 1024] White has compensation.} c5 20. d5 (20. Bf4 $11) 20... Bb5 21. Bd2 Qd7 ({Black should play} 21... Nd7 $15 22. Bc3 Nb6) 22. Rae3 (22. Qc1 $14) 22... Bc4 (22... Qe7 $11) 23. Bc3 (23. Qc1 $14 Qb5 24. Bc3) 23... Na2 24. Bxa2 Bxa2 25. Qd2 Bb3 (25... Qd8 $11 {keeps the balance.}) 26. Nh4 $1 $16 Kh7 27. Rf3 (27. Ngf5 $1 $16 {[%cal Rf5g7]} gxf5 28. Nxf5 Nxe4 29. Rxe4 Rxe4 30. Nxg7 Rxe1+ 31. Qxe1) 27... Ng8 $1 $11 28. Bxg7 Kxg7 29. Qc3+ (29. Ngf5+ $11 gxf5 30. Nxf5+ Kh7 31. Rg3) 29... Kh7 $1 $15 30. Rfe3 Rb4 {[%cal Bb8b4,Bb4c4,Bc4c2][%mdl 32]} 31. Nf3 Rc4 (31... Qd8 {is interesting.} 32. Nd2 Nf6 33. Qd3 Ba2 34. Ra1 Rxb2 35. Rf3 Kg7) 32. Qd3 {White wants to play e5.} Rc2 33. R3e2 Qb5 34. Qe3 Rxe2 35. Rxe2 (35. Nxe2 $15 Kg7 36. Nc3) 35... Bxd5 $1 $17 36. Rd2 Be6 37. Qf4 Qb4 (37... Re7 $17 38. Qxd6 Rd7) 38. Qxd6 (38. Rxd6 $11 g5 39. Qc1) 38... a3 (38... a5 $17) 39. bxa3 $11 Qxa3 40. Kh2 a5 {[%cal Ba6a5,Ba5a4][%mdl 32]} 41. Ne5 (41. Nd4 $11 {remains equal.}) 41... Qb4 $17 42. Nc6 Qb6 $1 43. Ne2 (43. f4 $17 {was forced.}) 43... a4 $19 44. Nf4 Rc8 45. Ne5 Qxd6 46. Rxd6 Bb3 {Hoping for ...Re8.} 47. Rd7 Nf6 48. Ra7 Kg8 {And now ...Re8 would win.} ({But not} 48... Nxe4 49. Nxf7 Bxf7 50. Rxf7+ Kg8 51. Ra7 $11) 49. f3 Re8 50. Nc6 Kf8 51. Ne2 {[#]} Re6 (51... Nd5 $142 $1 {[%mdl 512]} 52. Kg3 (52. exd5 Bxd5) 52... Nb4) 52. Na5 Re7 53. Ra6 Re6 54. Ra7 $1 Re7 55. Ra6 $1 Re6 $2 ({Better is} 55... Nd7 $17 {...Ne5 is the strong threat.} 56. Ra8+ Re8) 56. Nf4 $2 {[%mdl 40960] Precision: White = 42%, Black = 43%. . An unexpected result.} (56. Ra7 $11) 1/2-1/2

[Event "10th LCC FIDE Open 2018"]
[Site "London"]
[Date "2018.12.12"]
[Round "4"]
[White "Bogner, Sebastian"]
[Black "Rushbrooke, Remy"]
[Result "1-0"]
[WhiteElo "2610"]
[BlackElo "1909"]
[Annotator "TA"]
[PlyCount "79"]
[EventDate "2018.12.09"]
[EventType "swiss"]
[EventCountry "ENG"]
[SourceTitle "playchess.com"]
[Source "ChessBase"]
[SourceQuality "1"]

{[%evp 15,79,17,37,24,30,12,21,24,17,15,27,19,23,19,64,24,24,29,34,19,62,56,82,91,77,30,61,66,149,156,298,302,302,302,295,304,302,297,292,294,296,298,300,300,297,303,302,267,282,283,293,272,310,270,305,327,384,301,493,482,529,528,527,524,481,465]} 1. Nf3 Nf6 2. c4 Nc6 3. d4 e6 4. a3 d6 5. Nc3 g6 6. e4 Bg7 7. Be2 O-O {E10: Blumenfeld Gambit} 8. Be3 (8. O-O Re8 9. d5 exd5 10. cxd5 Ne7 11. Bf4 c6 12. Re1 cxd5 13. exd5 Nf5 14. Qb3 Nd7 15. Bb5 Rxe1+ 16. Rxe1 {1-0 (36) Krasenkow,M (2630)-Jones,G (2660) Porticcio 2017}) 8... Re8 {LiveBook: 6 Games} 9. h3 e5 {White has an edge.} 10. dxe5 Nxe5 11. O-O Nxf3+ 12. Bxf3 Nd7 13. Qc2 Ne5 14. Be2 f5 $146 ({Predecessor:} 14... Be6) 15. exf5 Bxf5 16. Qd2 Be6 17. b3 Qf6 18. Rac1 a6 19. Nd5 Qf7 20. Rfe1 c5 21. Nc3 {[%cal Bd5c3,Bc3e4,Be4g5][%mdl 32]} Nc6 {[#]} ({Black should try} 21... Qf8 $14) 22. Ne4 $1 $36 {[%mdl 2048] White is really pushing.} Red8 (22... Rad8 $16 23. Nxd6 Qf8) 23. Ng5 $18 (23. Nxd6 Qc7 $16) 23... Qd7 24. Bf3 Kh8 25. Nxe6 Qxe6 26. Bg5 Qf7 27. Bd5 Qf8 28. Bxd8 Rxd8 29. Bxc6 bxc6 30. Rc2 {[%cal Bc1c2,Bc2e2,Be2e3,Be3e7][%mdl 32]} Bd4 31. Qg5 Rb8 32. Rce2 Be5 33. Qe3 Qf7 34. Qd3 a5 35. g3 Qb7 36. Re3 Kg8 $2 {[#]} (36... Qf7 {might work better.} 37. Qe2 Qf5) 37. Kg2 {White is clearly winning.} Rf8 38. f4 Bd4 39. Re7 Qc8 40. Qe4 {Accuracy: White = 78%, Black = 23%.} 1-0

[Event "10th LCC FIDE Open 2018"]
[Site "London"]
[Date "2018.12.12"]
[Round "4"]
[White "Cornette, Matthieu"]
[Black "Martinez, Ayelen"]
[Result "1-0"]
[WhiteElo "2597"]
[BlackElo "2185"]
[Annotator "TA"]
[PlyCount "49"]
[EventDate "2018.12.09"]
[EventType "swiss"]
[EventCountry "ENG"]
[SourceTitle "playchess.com"]
[Source "ChessBase"]
[SourceQuality "1"]

{[%evp 16,49,30,27,46,45,71,102,87,98,100,95,78,25,36,22,54,45,66,20,72,79,115,73,89,78,120,116,205,217,392,388,601,587,604,567]} 1. e4 e5 2. Nf3 Nc6 3. Bc4 Nf6 4. d3 h6 5. O-O d6 6. c3 g5 {[%cal Bg7g5,Bg5g4][%mdl 32] C55: Two Knights: 4 d3, 4 d4 exd4 5 e5 and Max Lange Attack} 7. Bb3 (7. a4 Bg7 8. Re1 O-O 9. h3 d5 10. exd5 Nxd5 11. Nbd2 a6 12. Ne4 Nf4 13. a5 b5 14. axb6 cxb6 {1-0 (43) Karjakin,S (2782)-Mamedyarov,S (2808) Paris 2018}) 7... Bg7 8. Nbd2 O-O 9. Nc4 {LiveBook: 7 Games} g4 $146 ({Predecessor:} 9... Be6 10. h4 g4 11. Nh2 d5 12. exd5 Nxd5 13. Nxg4 Qxh4 14. Nce3 Nce7 15. Nxd5 {½-½ (15) Ragger,M (2668)-Hammer,J (2621) Norway 2018}) 10. Nh4 d5 11. exd5 Nxd5 {[#]} 12. g3 $1 Be6 13. f3 Qd7 14. fxg4 (14. Ne3 $16) 14... Bxg4 $11 15. Qe1 Bh3 16. Rf2 Rad8 17. Ne3 Nxe3 (17... Nce7 $1 $11) 18. Bxe3 $16 {Threatens to win with Ng6.} Be6 19. Bc5 Rfe8 20. Bc2 Bd5 21. Nf5 b6 (21... Be6 $16 {is a better defense.} 22. Qe4 (22. Nxg7 Kxg7 23. Qd2 f5 $14) 22... Qd5) 22. Be3 $18 e4 $2 {[#]} (22... Ne7 23. Nxh6+ Bxh6) 23. dxe4 Bxe4 (23... Bc4 $142 24. Bxh6 Be5) 24. Nxg7 Kxg7 25. Bxe4 {Accuracy: White = 73%, Black = 22%.} 1-0

[Event "10th LCC FIDE Open 2018"]
[Site "London"]
[Date "2018.12.12"]
[Round "4"]
[White "Hawkins, Jonathan"]
[Black "Tomaszewski, Kacper"]
[Result "0-1"]
[WhiteElo "2583"]
[BlackElo "2259"]
[Annotator "TA"]
[PlyCount "88"]
[EventDate "2018.12.09"]
[EventType "swiss"]
[EventCountry "ENG"]
[SourceTitle "playchess.com"]
[Source "ChessBase"]
[SourceQuality "1"]

{[%evp 19,88,14,3,8,21,17,41,-36,0,-60,-48,-56,-56,-45,-49,-67,-46,-67,-61,-57,-46,-61,-52,-48,-58,-56,-22,-84,-80,-97,-97,-98,-80,-81,-72,-76,-77,-77,-72,-109,-120,-173,-156,-199,-89,-75,-85,-219,-203,-200,-130,-135,-135,-118,-79,-148,18,38,29,0,0,0,0,-29968,-12637,-2735,-2470,-1436,-872,-1708,-1675]} 1. e4 c6 2. Nc3 d5 3. Nf3 Nf6 4. e5 Ne4 5. Ne2 Qb6 6. d4 {B11: Caro-Kann: Two Knights Variation} e6 7. Ng3 Nxg3 8. hxg3 c5 9. c3 Nc6 10. Bd3 cxd4 {LiveBook: 23 Games} 11. cxd4 Bd7 12. Kf1 O-O-O ({Not} 12... Nxd4 $2 13. Be3 $18) 13. b4 $146 (13. a3 $14) ({Predecessor:} 13. Rxh7 Rxh7 14. Bxh7 {½-½ (36) Roberson,P (2410)-Sadler,M (2687) England 2017}) 13... Nxb4 14. Rb1 (14. Rxh7 $11 Be7 15. Kg1) 14... Bb5 $15 15. Bxb5 Qxb5+ 16. Kg1 {Strongly threatening Bd2.} Qa6 17. a4 Nc6 18. Rb5 Rd7 19. Bd2 Be7 20. g4 Bd8 21. g5 g6 22. Bc3 Na5 23. Bxa5 (23. Nd2 $11) 23... Bxa5 $17 24. Qc1+ Kb8 25. Qa3 Bd8 26. g3 Be7 27. Qb3 Rc7 28. Kg2 Ka8 29. g4 Qc6 30. Kg3 (30. a5 $17) 30... Qc4 $19 31. Qb2 Qd3 (31... Qxa4 $19 {aiming for ...Rc2.} 32. Ra1 Qc4) 32. Rb3 $17 Rc2 33. Qb1 (33. Rxd3 $17 Rxb2 34. Rdd1) 33... Qe2 $19 34. Rh2 Rhc8 35. Re3 Qc4 $36 {[%mdl 2048] Black is really pushing.} 36. Rxh7 {[%cal Bh2h7,Bh7f7,Bf7f6][%mdl 32]} Rc1 37. Qb2 {[#]} (37. Qb5 $142 Qxb5 38. axb5) 37... Bb4 $2 ({Black should play} 37... Rf8 $1 $17 38. Kg2 b6) 38. Rxf7 $11 a5 $1 39. Rf6 Qf1 $1 40. Qe2 {Threatens to win with Qxf1.} Qh1 {Hoping for ...Rh8.} 41. Qb5 $2 {[%mdl 8192]} (41. Rxg6 $11 R8c2 42. Qd3) 41... Rh8 42. Kf4 {[#]Black is clearly winning.} Rh3 $1 {[%cal Rh3f3]} 43. Qe2 Rc4 {( -> ...Qh2+!)} 44. Qb2 Bc5 {Precision: White = 39%, Black = 69%.} 0-1

[Event "10th LCC FIDE Open 2018"]
[Site "London"]
[Date "2018.12.12"]
[Round "4"]
[White "Yuffa, Daniil"]
[Black "Piesik, Piotr"]
[Result "1/2-1/2"]
[WhiteElo "2572"]
[BlackElo "2404"]
[Annotator "TA"]
[PlyCount "94"]
[EventDate "2018.12.09"]
[EventType "swiss"]
[EventCountry "ENG"]
[SourceTitle "playchess.com"]
[Source "ChessBase"]
[SourceQuality "1"]

{[%evp 19,94,6,5,0,0,10,-12,0,16,7,14,7,0,0,10,0,0,0,0,0,20,0,0,0,9,0,102,102,103,106,106,110,109,110,108,98,112,112,102,100,103,102,100,93,91,91,102,75,115,0,0,0,0,0,15,0,0,0,0,0,0,0,0,0,0,0,0,0,0,0,0,0,0,0,0,0,0]} 1. d4 Nf6 2. c4 c5 3. d5 b5 4. Qc2 e6 (4... Na6 5. a3 bxc4 6. e4 e6 7. Nc3 exd5 8. exd5 Bd6 9. Bxc4 O-O 10. Nge2 Nc7 11. O-O Re8 12. Qd3 Rb8 {½-½ (40) Mamedyarov,S (2766)-Mihok,O (2505) chess.com INT 2017}) 5. e4 bxc4 6. Nc3 {A57: Benko/Volga Gambit} d6 7. Bxc4 Be7 8. Nge2 exd5 9. exd5 Nbd7 10. O-O O-O {LiveBook: 14 Games} 11. Ng3 Nb6 12. b3 Nxc4 13. bxc4 Nd7 $146 14. Bf4 Nb6 15. Rae1 Bg5 16. Bxg5 Qxg5 17. Nb5 Qd8 18. Qc3 a6 19. Na3 $36 {[%mdl 2048] White has the initiative.} Ra7 20. Nc2 f5 21. f4 Re8 22. Qa5 Kf8 (22... Rf8 $11) 23. Rxe8+ $16 Kxe8 24. Rb1 Na8 25. Qc3 Rf7 26. Rb8 Nb6 {[#]} 27. Qe1+ $1 Kf8 {[#] Hoping for ...Qc7.} 28. Qa5 $1 {[%cal Ra5b6]} Rb7 29. Rxb7 Bxb7 30. Nxf5 Bc8 31. Nfe3 Qc7 32. Qc3 Nd7 33. Ng4 Qb6 34. h3 ({White should play} 34. Qb3 $16) 34... Qb1+ $1 $11 {The position is equal.} 35. Kh2 Qxa2 36. Qd3 {And now Qf5+ would win.} Nb6 37. Nce3 h5 38. Qg6 {[%mdl 64] Double Attack} hxg4 39. Qxd6+ {[%mdl 64] Double Attack} Kg8 {next ...Qf2 is good for Black.} 40. Qxb6 Qf2 41. Qd8+ Kh7 {( -> ...g3+)} 42. Nxg4 Bxg4 43. hxg4 Qxf4+ {[%mdl 64] Double Attack. KQ-KQ} 44. g3 Qxc4 45. d6 Qe2+ 46. Kh3 {Threatens to win with Qe7.} Qf1+ 47. Kh2 Qf2+ {Accuracy: White = 51%, Black = 83%.} 1/2-1/2

[Event "10th LCC FIDE Open 2018"]
[Site "London"]
[Date "2018.12.12"]
[Round "4"]
[White "Pert, Nicholas"]
[Black "Wu, Li"]
[Result "1-0"]
[WhiteElo "2546"]
[BlackElo "2317"]
[Annotator "TA"]
[PlyCount "68"]
[EventDate "2018.12.09"]
[EventType "swiss"]
[EventCountry "ENG"]
[SourceTitle "playchess.com"]
[Source "ChessBase"]
[SourceQuality "1"]

{[%evp 18,68,12,14,13,0,1,0,0,0,22,16,16,17,19,14,8,1,34,40,38,37,43,0,0,0,0,0,0,0,0,0,112,117,138,38,62,0,122,140,160,160,195,204,180,180,229,225,511,485,5402,5402,6191]} 1. d4 Nf6 2. Nf3 e6 3. c4 c5 4. d5 b5 5. e4 Nxe4 6. Bd3 {E10: Blumenfeld Gambit} Nf6 7. O-O bxc4 (7... Bb7 8. Nc3 Be7 9. Nxb5 exd5 10. cxd5 d6 11. Nh4 O-O 12. Nf5 a6 13. Nc3 {½-½ (44) Vitiugov,N (2724)-Kvon,A (2500) Helsingor 2017}) 8. Bxc4 Ba6 9. Bxa6 Nxa6 10. Nc3 {LiveBook: 10 Games} Nc7 {[%cal Rf6d5]} 11. d6 Ncd5 12. Nxd5 Nxd5 13. Re1 Nb6 $146 14. Be3 g6 15. Rc1 Bg7 16. Rxc5 O-O 17. Bd4 Bxd4 18. Qxd4 Nd5 19. Ne5 f6 20. Ng4 Qb6 $1 21. Rxd5 exd5 22. Nxf6+ Rxf6 23. Qxf6 $11 {[%mdl 4096] Endgame White wants to mate with Re7. KQR-KQR} Rf8 24. Qh4 $1 {Black must now prevent Re7.} Qxd6 {[#]} (24... Qxb2 $11 {keeps the balance.} 25. h3 Qf6) 25. Qd4 $1 $40 {[%mdl 128] White wants a kill.} Rf4 26. Qd2 (26. Qxa7 $16 Re4 27. Rd1) 26... Rf5 27. Qd4 (27. Rd1 $14) 27... Rf4 $1 {[%cal Rf4d4]} 28. Qxa7 d4 29. g3 Rf5 {[#]} 30. Qa8+ $1 Kg7 31. Qe4 Rd5 32. Qe8 {And now Re7+ would win.} Kh6 $2 (32... Qf8 {was necessary.} 33. Qxf8+ (33. Re7+ Kg8 $16) 33... Kxf8) 33. Re7 $18 Qf6 (33... Rf5 $142 34. a4 d3 35. Qxd7 Qxd7 36. Rxd7 Ra5) 34. Rf7 Qe6 {Accuracy: White = 65%, Black = 31%.} 1-0

[Event "10th LCC FIDE Open 2018"]
[Site "London"]
[Date "2018.12.12"]
[Round "4"]
[White "Turner, Matthew J"]
[Black "Lacasa Diaz, Jose Antonio"]
[Result "0-1"]
[WhiteElo "2533"]
[BlackElo "2389"]
[Annotator "TA"]
[PlyCount "82"]
[EventDate "2018.12.09"]
[EventType "swiss"]
[EventCountry "ENG"]
[SourceTitle "playchess.com"]
[Source "ChessBase"]
[SourceQuality "1"]

{[%evp 25,82,0,0,-23,-33,-31,-33,-87,-71,-67,-70,-83,-80,-132,-122,-109,-116,-151,-153,-146,-128,-177,-166,-286,-264,-429,-260,-191,-146,-142,-126,-98,0,0,0,0,0,0,0,0,0,0,312,-3089,0,-2975,-2079,-2382,-2153,-29979,-29977,-29977,-29978,-6606,-1644,-29990,-29989,-29989,-29984]} 1. Nf3 Nf6 2. g3 d5 3. Bg2 e6 4. O-O Be7 5. c4 O-O 6. b3 c5 7. e3 Nc6 8. Bb2 d4 9. exd4 cxd4 10. d3 e5 11. Re1 Nd7 12. Na3 {A14: English Opening: 1...e6 with b3 by White} (12. Ba3 f6 13. Bxe7 Qxe7 14. a3 a5 15. Nfd2 Nc5 16. Bd5+ Kh8 17. Ne4 Ne6 18. f3 Bd7 19. Nbd2 Nc7 {0-1 (38) Lalith,B (2495)-Neelotpal,D (2458) Aurangabad 2011}) 12... Re8 13. Nc2 a5 {LiveBook: 3 Games} 14. Nd2 $146 {The position is equal.} ({Predecessor:} 14. a3 Bf8 15. Qe2 Nf6 16. Qd2 {0-1 (34) Bertorello,J (2307)-Bobadilla Viera,J (2336) Buenos Aires 2018}) 14... Nc5 15. Ne4 Ne6 16. Ba3 (16. Nd2 $15) 16... Bxa3 $1 $17 17. Nxa3 f5 18. Nd2 Nc5 19. Bd5+ ({White should play} 19. Bf1) 19... Be6 20. Bxc6 bxc6 21. Nf3 e4 22. dxe4 d3 23. e5 f4 {[%mdl 1024] Black has strong compensation.} 24. Qd2 {[#]} ({Of course not} 24. gxf4 Rf8 $17) (24. Kg2 $142) 24... Rf8 $1 $19 {White must now prevent ...fxg3.} 25. Kg2 $2 (25. gxf4 {was called for.} Bg4 26. Qe3) 25... Bg4 26. Ng1 Qd4 {aiming for ...Ne4.} 27. f3 fxg3 28. hxg3 Bxf3+ (28... Rad8 $17 29. Rad1 (29. fxg4 $2 Ne4 $19) 29... Bf5 {[%mdl 64] Decoy}) 29. Nxf3 $11 Rxf3 30. Kxf3 Rf8+ 31. Kg2 Ne4 32. Qe3 Qb2+ 33. Kg1 Nf2 $2 {[%mdl 8192]} (33... Nd2 $1 $11 {and Black is okay.} 34. Rf1 (34. Kh1 $2 Nf3 $19) 34... Nf3+ 35. Rxf3 Qxa1+ 36. Kh2 Qxa2+ 37. Kh3 Qxa3) 34. Rf1 $4 {[%mdl 8192]} (34. Rab1 $18 Qxa3 35. Qd4) 34... Nh3+ $40 {[%mdl 128] Black mounts an attack.} 35. Kh1 {[#]} Rf2 $1 {[%cal Rf2h2]} 36. Rxf2 Nxf2+ 37. Kg1 Ng4 {[%mdl 64] Double Attack} 38. Qf3 Qxa1+ 39. Kg2 d2 (39... Qxa2+ $142 40. Kh3 h5) 40. Qxc6 Ne3+ 41. Kh2 Qxe5 {Accuracy: White = 38%, Black = 75%.} 0-1

[Event "10th LCC FIDE Open 2018"]
[Site "London"]
[Date "2018.12.12"]
[Round "4"]
[White "Ghasi, Ameet K"]
[Black "Brozel, Sacha"]
[Result "*"]
[WhiteElo "2498"]
[BlackElo "2182"]
[Annotator "TA"]
[PlyCount "65"]
[EventDate "2018.12.09"]
[EventType "swiss"]
[EventCountry "ENG"]
[SourceTitle "playchess.com"]
[Source "ChessBase"]
[SourceQuality "1"]

{[%evp 24,65,-26,-27,-9,-33,-33,-67,-68,-51,-56,-76,-41,-57,-8,-29,27,0,0,-27,8,6,21,14,7,8,0,11,5,8,32,25,38,39,55,58,82,89,91,94,86,88,84,87]} 1. Nf3 c5 2. g3 Nc6 3. Bg2 g6 4. O-O Bg7 5. c4 e5 6. Nc3 d6 7. a3 a5 8. d3 Nge7 9. Bd2 O-O 10. Rb1 Rb8 11. Ne1 Be6 12. Nd5 b5 {A37: Symmetrical English vs ...g6: 4 Bg2 Bg7 5 Nf3} 13. b3 {LiveBook: 19 Games} Bd7 14. Nc3 $146 ({Predecessor:} 14. Nc2 Nxd5 15. Bxd5 Ne7 16. Bg2 Be6 17. Ne3 Qc7 18. b4 cxb4 19. axb4 a4 20. Qc1 {0-1 (43) Ghasi,A (2475)-Lenic,L (2662) chess.com INT 2018}) 14... b4 {Black is slightly better.} 15. axb4 axb4 16. Nb5 Be6 17. Ra1 Qd7 18. Nc2 f5 19. Bg5 $1 d5 (19... Nc8 $142) 20. Bxe7 Nxe7 21. Ra7 Qd8 (21... Rb7 $5 {[%cal Rb7a7]} 22. Ra6 Rd8 $15) 22. Nc7 Bf7 {[#] And now ...Nc8 would win.} 23. Nxd5 Bxd5 24. cxd5 Nxd5 25. Bxd5+ Qxd5 26. Ne3 $36 {[%cal Bc2e3,Be3c4,Bc4d2][%mdl 2080] Black is under pressure.} Qe6 27. Qc2 f4 28. Nc4 f3 29. exf3 Rxf3 30. Nd2 $1 {[%csl LRc5,LRf3] White is better.} Rf7 31. Rxf7 Qxf7 32. Qxc5 Rd8 33. Qb5 {Precision: White = 48%, Black = 49%.} *

[Event "10th LCC FIDE Open 2018"]
[Site "London"]
[Date "2018.12.12"]
[Round "4"]
[White "Janik, Igor"]
[Black "Sowray, Peter J"]
[Result "1-0"]
[WhiteElo "2476"]
[BlackElo "2342"]
[Annotator "TA"]
[PlyCount "108"]
[EventDate "2018.12.09"]
[EventType "swiss"]
[EventCountry "ENG"]
[SourceTitle "playchess.com"]
[Source "ChessBase"]
[SourceQuality "1"]

{[%evp 20,108,0,-11,-7,-31,-16,-31,-38,-31,-25,-29,-11,-29,25,32,23,14,25,0,0,0,0,-12,0,0,0,-5,0,0,4,0,0,0,0,0,7,-26,-29,-34,-34,-22,-29,-29,-21,-8,-8,-8,-12,-2,26,25,28,26,43,35,47,42,136,122,136,136,387,400,364,341,474,461,857,898,838,850,2758,2985,2924,2924,2581,2428,2352,2083,1728,1700,1329,1297,1210,1113,2339,11289,29949,29950,6937]} 1. d4 d5 2. c4 e6 3. Nf3 Nf6 4. g3 Bb4+ 5. Nbd2 O-O 6. Bg2 b6 7. cxd5 exd5 8. O-O Bb7 9. a3 {E16: Queen's Indian: 4 g3 Bb7 5 Bg2 Bb4+} (9. Qb3 Bd6 10. Nb1 Re8 11. Nc3 c6 12. Bf4 Na6 13. Bxd6 Qxd6 14. Rfd1 Nc7 15. e3 Nd7 16. Rac1 Rad8 {½-½ (57) Esipenko,A (2581)-Parligras,M (2642) Batumi 2018}) 9... Bd6 10. b4 Nbd7 11. Bb2 {LiveBook: 3 Games. The position is equal.} Qe7 12. Re1 $146 ({Predecessor:} 12. Nh4 g6 13. Re1 Ne4 14. f3 Nxg3 15. e4 Qxh4 16. e5 Nf5 17. exd6 Nxd6 {0-1 (29) Markos,J (2437)-Redpath,J (2131) Balatonlelle 2001}) 12... Ne4 13. Nxe4 dxe4 14. Nd2 f5 15. e3 Qf7 16. Rc1 Ba6 ({Better is} 16... a6) 17. Qa4 $11 Bd3 18. Rc3 b5 19. Qb3 (19. Qd1 {is interesting.} Rae8 20. Rxd3 exd3 21. Bf1 a6 22. Bxd3 Nb6 23. Qc2) 19... Qxb3 20. Nxb3 Bc4 21. Na5 Nb6 22. Bf1 Bxf1 23. Kxf1 g5 24. Rc6 Rae8 25. Nb7 Nc4 26. Bc3 f4 27. gxf4 gxf4 28. Nxd6 cxd6 29. exf4 Rxf4 {[#] White must now prevent ...Rf3.} 30. Ke2 $1 Rf3 31. Rg1+ $1 Kf7 32. Rg3 Rxg3 33. hxg3 {[%mdl 4096] Endgame KRB-KRN} Ke6 34. Rc7 $1 Re7 35. d5+ $1 Kf7 $1 36. Rc6 Rd7 $1 37. Bd4 Nxa3 38. Ke3 Re7 (38... Nc4+ $14 39. Kxe4 Kg6) 39. Kf4 $16 Nc4 {[#]} 40. Ra6 $1 Ne5 $2 {[%mdl 8192]} (40... h5 $16 41. Rxa7 (41. Bxa7 Re8 $16) 41... Rxa7 42. Bxa7 Ne5) 41. Bxe5 $18 Rxe5 42. Rxd6 {KR-KR} Re7 43. Rh6 Kf8 (43... Kg7 $142 44. Ra6 Rf7+ 45. Kxe4 Rxf2) 44. d6 Rf7+ 45. Kxe4 Rxf2 46. Rxh7 Ke8 47. Kd5 a6 48. Kc6 Rc2+ 49. Kb7 Rc4 50. Rh4 Kd7 51. Kxa6 Rc3 52. Kxb5 Rxg3 53. Rd4 (53. Rh6 $142 Rg2 54. Kb6) 53... Rg8 54. Kb6 Rb8+ {Accuracy: White = 82%, Black = 37%.} 1-0

[Event "10th LCC FIDE Open 2018"]
[Site "London"]
[Date "2018.12.12"]
[Round "4"]
[White "Arkell, Keith C"]
[Black "Ogunshola, Olugbemiga (Ben)"]
[Result "1-0"]
[WhiteElo "2453"]
[BlackElo "2172"]
[Annotator "ChessBase"]
[PlyCount "70"]
[EventDate "2018.12.09"]
[EventType "swiss"]
[EventCountry "ENG"]
[SourceTitle "playchess.com"]
[Source "ChessBase"]
[SourceQuality "1"]
[TimeControl "40/5400+30:1800+30"]

1. d4 {[%emt 0:08:17]} g6 {[%emt 0:00:36]} 2. e4 {[%emt 0:00:32]} d6 {[%emt 0:00:10]} 3. c4 {[%emt 0:00:23]} Bg7 {[%emt 0:00:19]} 4. Nc3 {[%emt 0:00:05]} Nc6 {[%emt 0:02:44]} 5. d5 {[%emt 0:01:38]} Nd4 {[%emt 0:01:18]} 6. Be3 {[%emt 0:00:17]} c5 {[%emt 0:00:11]} 7. Nge2 {[%emt 0:02:44]} Bg4 {[%emt 0:05:00]} 8. f3 {[%emt 0:03:55]} Nxe2 {[%emt 0:00:28]} 9. Bxe2 {[%emt 0:00:20]} Bd7 {[%emt 0:00:04]} 10. Qd2 {[%emt 0:00:25]} Nf6 {[%emt 0:00:46]} 11. Bh6 {[%emt 0:00:29]} O-O {[%emt 0:01:59]} 12. h4 {[%emt 0:02:44]} Qa5 {[%emt 0:09:27]} 13. h5 {[%emt 0:01:50]} a6 {[%emt 0:02:57]} 14. hxg6 {[%emt 0:00:39]} fxg6 {[%emt 0:00:06]} 15. Bxg7 {[%emt 0:00:14]} Kxg7 {[%emt 0:00:07]} 16. Qh6+ {[%emt 0:00:23]} Kg8 {[%emt 0:01:09]} 17. f4 {[%emt 0:04:23]} Rf7 {[%emt 0:01:55]} 18. e5 {[%emt 0:07:03]} Ne4 {[%emt 0:16:04]} 19. e6 {[%emt 0:00:43]} Rg7 {[%emt 0:00:02]} 20. exd7 {[%emt 0:01:12]} Qb4 {[%emt 0:00:12]} 21. O-O {[%emt 0:05:13]} Ng3 {[%emt 0:01:34]} 22. Rfc1 {[%emt 0:04:54]} Nf5 {[%emt 0:02:09]} 23. Qh3 {[%emt 0:00:32]} Qxb2 {[%emt 0:01:24]} 24. Qd3 {[%emt 0:03:43]} Qb6 {[%emt 0:03:11]} 25. Bg4 {[%emt 0:01:29]} Rf8 {[%emt 0:00:24]} 26. Ne4 {[%emt 0:02:13]} h6 {[%emt 0:00:07]} 27. Ng3 {[%emt 0:00:54]} Nd4 {[%emt 0:03:53]} 28. Rab1 {[%emt 0:00:53]} Qc7 {[%emt 0:00:18]} 29. Qe4 {[%emt 0:01:04]} b6 {[%emt 0:04:31]} 30. Rf1 {[%emt 0:01:43]} Kh8 {[%emt 0:02:26]} 31. Be6 {[%emt 0:00:37]} b5 {[%emt 0:08:59]} 32. f5 {[%emt 0:00:27]} Rf6 {[%emt 0:04:45]} 33. fxg6 {[%emt 0:00:35]} Rgxg6 {[%emt 0:00:02]} 34. Rf2 {[%emt 0:00:20]} Rf4 35. Rxf4 {[%emt 0:00:29]} Rf6 {[%emt 0:00:32]} 1-0